| 000 | 004130000a22001690004500 | ||
|---|---|---|---|
| 003 | MACL | ||
| 005 | 20160113170703.0 | ||
| 008 | 160113b xxu||||| |||| 00| 0 eng d | ||
| 040 |
_aMACL _cMACL |
||
| 041 | _aEnglish | ||
| 082 | _a954/SIN | ||
| 100 |
_aSinha, H N _925048 |
||
| 245 | _aRise of The Peshwas | ||
| 260 |
_bThe Indian Press _c1954 _aAllahabad |
||
| 650 |
_aHistory _932068 |
||
| 942 |
_cBK _k954/SIN _2ddc |
||
| 999 |
_c34710 _d34710 |
||